Catholic conscience foundation and formation: proceedings of the Tenth Bishops Workshop Dallas, texas
Gardado en:
| Formato: | Libro |
|---|---|
| Idioma: | inglés |
| Publicado: |
Braintree
The Pope John Center
1991
|
| Subjects: | |
| Tags: |
Engadir etiqueta
Sen Etiquetas, Sexa o primeiro en etiquetar este rexistro!
|
MARC
| LEADER | 00000nam a2200000 a 4500 | ||
|---|---|---|---|
| 001 | UCY0846 | ||
| 003 | CL-VaPUC | ||
| 008 | 940813e19910000US |||||||||||||||||eng|d | ||
| 082 | 0 | 4 | |a 241.1 |b CAT |2 21 |
| 245 | 1 | 0 | |a Catholic conscience foundation and formation: proceedings of the Tenth Bishops Workshop Dallas, texas |
| 300 | |a 289 p | ||
| 942 | |c BK | ||
| 945 | |d 19940813 00:00:00 |a aalvarez | ||
| 260 | |a Braintree |b The Pope John Center |c 1991 | ||
| 650 | 0 | |a Ética cristiana |9 308677 | |
| 583 | |a last modification |c 19940813 00:00:00 |k Rodrigo Vera | ||
| 999 | |c 329267 |d 329265 | ||
| 952 | |0 0 |1 0 |4 0 |6 241_100000000000000_CAT_1991 |7 0 |8 A |9 413646 |a BIBTEO |b BIBTEO |d 2019-11-22 |i 2078872 |o 241.1 CAT 1991 |p 2078872 |r 2025-01-17 |w 2019-11-22 |y BK |k ICR | ||